000 01570cam a2200373 i 4500
999 _c1504
_d1504
001 18918857
003 OSt
005 20230103125104.0
008 151228s2017 mnuab j b 001 0 eng
010 _a 2015051187
020 _a9781512412444 (pb : alk. paper)
020 _z9781512410778 (eb pdf)
040 _aDLC
_beng
_cDLC
_erda
_dDLC
_dKH8
042 _apcc
043 _ar------
082 0 0 _a970.004 KAL
_223
100 1 _aKallen, Stuart A.,
_d1955-
_eauthor.
245 1 0 _aNative peoples of the Subarctic /
_cStuart Kallen.
264 1 _aMinneapolis :
_bLerner Publications,
_c[2017]
300 _a48 pages :
_billustrations, maps ;
_c24 cm.
336 _atext
_2rdacontent
337 _aunmediated
_2rdamedia
338 _avolume
_2rdacarrier
490 0 _aNorth american indian nations
504 _aIncludes bibliographical references (pages 45-46) and index.
650 0 _aInuit
_zArctic regions
_xHistory
_vJuvenile literature.
650 0 _aInuit
_zArctic regions
_xSocial life and customs
_vJuvenile literature.
650 0 _aIndians of North America
_zArctic regions
_xHistory
_vJuvenile literature.
650 0 _aIndians of North America
_zArctic regions
_xSocial life and customs
_vJuvenile literature.
776 0 8 _iOnline version:
_aKallen, Stuart A., 1955- author.
_tNative peoples of the Subarctic
_dMinneapolis : Lerner Publications, 2017
_z9781512410778
_w(DLC) 2015051370
906 _a7
_bcbc
_corignew
_d1
_eecip
_f20
_gy-gencatlg
942 _2ddc
_cNFIC